50 essentials on science communication (Record no. 5017)

MARC details
000 -CABECERA
campo de control de longitud fija 01755nam a22003137i 4500
001 - NÚMERO DE CONTROL
campo de control ssj0003244362
003 - IDENTIFICADOR DEL NÚMERO DE CONTROL
campo de control WaSeSS
005 - FECHA Y HORA DE LA ÚLTIMA TRANSACCIÓN
campo de control 20251008094701.0
006 - CÓDIGOS DE INFORMACIÓN DE LONGITUD FIJA--CARACTERÍSTICAS DEL MATERIAL ADICIONAL
campo de control de longitud fija m d
007 - CAMPO FIJO DE DESCRIPCIÓN FÍSICA--INFORMACIÓN GENERAL
campo de control de longitud fija cr n
008 - DATOS DE LONGITUD FIJA--INFORMACIÓN GENERAL
campo de control de longitud fija 231115s2024 gw a sb 000 0 eng d
010 ## - NÚMERO DE CONTROL DE LA BIBLIOTECA DEL CONGRESO
Número de control de LC 2023950563
020 ## - NÚMERO INTERNACIONAL ESTÁNDAR DEL LIBRO
Número Internacional Estándar del Libro 9783110763263
040 ## - FUENTE DE LA CATALOGACIÓN
Centro catalogador/agencia de origen YDX
Lengua de catalogación eng
Centro/agencia transcriptor YDX
Centro/agencia modificador OCLCO
-- YDX
-- OHX
-- OCLCO
-- RDF
-- DLC
-- WaSeSS
041 ## - CÓDIGO DE LENGUA
Código de lengua del texto/banda sonora o título independiente eng
042 ## - CÓDIGO DE AUTENTICACIÓN
Código de autenticación lccopycat
050 00 - SIGNATURA TOPOGRÁFICA DE LA BIBLIOTECA DEL CONGRESO
Número de clasificación Q223
Número de documento/Ítem .A125 2024
245 00 - MENCIÓN DE TÍTULO
Título 50 essentials on science communication
Mención de responsabilidad, etc. / edited by Jean Paul Bertemes, Serge Haan, Dirk Hans.
246 30 - FORMA VARIANTE DE TÍTULO
Título propio/Titulo breve Fifty essentials on science communication
260 ## - PUBLICACIÓN, DISTRIBUCIÓN, ETC.
Lugar de publicación, distribución, etc. Berlin ;
-- Boston :
Nombre del editor, distribuidor, etc. Walter De Gruyter GmbH,
Fecha de publicación, distribución, etc. 2024.
300 ## - DESCRIPCIÓN FÍSICA
Extensión 135 pages :
Otras características físicas color illustrations ;
Dimensiones 21 cm
504 ## - NOTA DE BIBLIOGRAFÍA, ETC.
Nota de bibliografía, etc. Includes bibliographical references.
520 ## - SUMARIO, ETC.
Sumario, etc. Science communication is becoming increasingly important. Research institutions, scientists and science communicators want to engage with society, share their knowledge and build trust. At the same time, it is about competition for research funds and top personnel. So how do you get it right – and what do you need to consider when developing your communication strategy?<br/><br/>This handy and entertaining book provides the basics of goal-oriented science communication. It is aimed at career-building scientists and anyone who wants to take their first steps in the field of science communication. Experienced international authors in the field share their essential thoughts on important aspects of contemporary science communication.
650 #0 - PUNTO DE ACCESO ADICIONAL DE MATERIA--TÉRMINO DE MATERIA
Término de materia o nombre geográfico como elemento de entrada Communication in the social sciences
9 (RLIN) 24316
700 ## - ENTRADA AGREGADA--NOMBRE PERSONAL
Nombre de persona Bertemes, Jean Paul
9 (RLIN) 26052
Término indicativo de función/relación editor
700 ## - ENTRADA AGREGADA--NOMBRE PERSONAL
Nombre de persona Haan, Serge
9 (RLIN) 26053
Término indicativo de función/relación editor
700 ## - ENTRADA AGREGADA--NOMBRE PERSONAL
Nombre de persona Hans, Dirk
9 (RLIN) 26054
Término indicativo de función/relación editor
942 ## - ELEMENTOS DE ENTRADA AGREGADA (KOHA)
Fuente del sistema de clasificación o colocación Clasificación de Library of Congress
Holdings
Estado de retiro Estado de pérdida Fuente del sistema de clasificación o colocación Estado dañado No para préstamo Biblioteca de origen Biblioteca actual Fecha de adquisición Total de préstamos Signatura topográfica completa Código de barras Fecha visto por última vez Número de copia Precio válido a partir de Tipo de ítem Koha
    Clasificación de Library of Congress     TBS Barcelona TBS Barcelona 08/10/2025   Q223 BER B07657 08/10/2025 1 08/10/2025 Book

Powered by Koha